[Event "RUS-ch Higher League 77th"]
[Site "Lipetsk"]
[Date "2025.07.04"]
[Round "8"]
[White "Popov, Tikhon"]
[Black "Postnikov, Artem"]
[Result "1/2-1/2"]
[WhiteElo "2173"]
[BlackElo "2221"]
[PlyCount "25"]
[EventDate "2025.06.26"]
[EventType "swiss"]
[EventRounds "9"]
[EventCountry "RUS"]
[SourceTitle "CB28_2025"]
[SourceDate "2025.07.09"]
[SourceVersion "1"]
[SourceVersionDate "2025.07.09"]
[SourceQuality "1"]

1. e4 e6 2. d4 d5 3. e5 c5 4. c3 Nc6 5. Nf3 Nge7 6. Na3 Bd7 7. Nb5 Nf5 8. Bd3 a6 9. Bxf5 exf5 10. Nd6+ Bxd6 11. exd6 cxd4 12. Nxd4 0-0 13. 0-0 1/2-1/2

[Event "RUS-ch Higher League 77th"]
[Site "Lipetsk"]
[Date "2025.07.03"]
[Round "7"]
[White "Parpiev, Isaak"]
[Black "Popov, Tikhon"]
[Result "0-1"]
[WhiteElo "2364"]
[BlackElo "2173"]
[PlyCount "76"]
[EventDate "2025.06.26"]
[EventType "swiss"]
[EventRounds "9"]
[EventCountry "RUS"]
[SourceTitle "CB28_2025"]
[SourceDate "2025.07.09"]
[SourceVersion "1"]
[SourceVersionDate "2025.07.09"]
[SourceQuality "1"]

1. e4 e5 2. Nf3 Nc6 3. Bb5 a6 4. Ba4 Nf6 5. 0-0 Be7 6. d3 b5 7. Bb3 d6 8. Bd2 0-0 9. h3 h6 10. a4 Be6 11. Bxe6 fxe6 12. c3 d5 13. Qe2 Bd6 14. Be3 Qe8 15. axb5 axb5 16. Nbd2 Qh5 17. Rfe1 Ne7 18. Nf1 c6 19. Ng3 Qg6 20. Bd2 Nd7 21. Be3 Nf6 22. Qd1 Rxa1 23. Qxa1 Nh5 24. Nxh5 Qxh5 25. Qa7 Rxf3 26. Qd7 Rf6 27. Qxd6 Ng6 28. Qd8+ Kh7 29. Qe8 Qh4 30. Ra1 dxe4 31. Qxc6 exd3 32. Qxb5 e4 33. Ra4 Nf4 34. g3 Nxh3+ 35. Kg2 Qg4 36. Qd7 Qf3+ 37. Kxh3 Qh1+ 38. Kg4 h5+ 0-1

[Event "RUS-ch Higher League 77th"]
[Site "Lipetsk"]
[Date "2025.07.02"]
[Round "6"]
[White "Popov, Tikhon"]
[Black "Kataev, Aleksandr"]
[Result "1/2-1/2"]
[WhiteElo "2173"]
[BlackElo "2302"]
[PlyCount "45"]
[EventDate "2025.06.26"]
[EventType "swiss"]
[EventRounds "9"]
[EventCountry "RUS"]
[SourceTitle "CB28_2025"]
[SourceDate "2025.07.09"]
[SourceVersion "1"]
[SourceVersionDate "2025.07.09"]
[SourceQuality "1"]

1. e4 c5 2. Nf3 Nc6 3. Nc3 g6 4. d4 cxd4 5. Nxd4 Bg7 6. Be3 Nf6 7. Nxc6 bxc6 8. e5 Ng8 9. Bd4 Qa5 10. f4 Nh6 11. Qd2 0-0 12. 0-0-0 Nf5 13. Bf2 d6 14. g4 Nh6 15. exd6 Bxg4 16. dxe7 Rfe8 17. Re1 Nf5 18. Rg1 Bf3 19. Bc4 Nxe7 20. Rg5 Nd5 21. Rxe8+ Rxe8 22. Bxd5 cxd5 23. a3 1/2-1/2

[Event "RUS-ch Higher League 77th"]
[Site "Lipetsk"]
[Date "2025.07.01"]
[Round "5"]
[White "Iljiushenok, Ilia"]
[Black "Popov, Tikhon"]
[Result "1-0"]
[WhiteElo "2503"]
[BlackElo "2173"]
[PlyCount "59"]
[EventDate "2025.06.26"]
[EventType "swiss"]
[EventRounds "9"]
[EventCountry "RUS"]
[SourceTitle "CB28_2025"]
[SourceDate "2025.07.09"]
[SourceVersion "1"]
[SourceVersionDate "2025.07.09"]
[SourceQuality "1"]

1. d4 Nf6 2. c4 g6 3. Nc3 Bg7 4. e4 d6 5. Bd3 0-0 6. Nge2 Nc6 7. 0-0 e5 8. d5 Ne7 9. h3 Nh5 10. g4 Nf4 11. Nxf4 exf4 12. Bxf4 h6 13. Bg3 g5 14. e5 dxe5 15. Re1 f5 16. Bxe5 Bxe5 17. Rxe5 Qd6 18. Re3 Bd7 19. Qe2 Ng6 20. Bxf5 Nf4 21. Qc2 Bxf5 22. gxf5 Qd7 23. Rae1 Rxf5 24. Re7 Nxh3+ 25. Kh2 Qd6+ 26. Kxh3 Raf8 27. Re8 Qf4 28. Rxf8+ Kxf8 29. Qe2 Kg7 30. Kg2 1-0

[Event "Titled Tuesday intern op 01st Apr Early"]
[Site "Chess.com INT"]
[Date "2025.04.01"]
[Round "3"]
[White "Moussard, Jules"]
[Black "Popov, Tikhon"]
[Result "1-0"]
[WhiteElo "2592"]
[BlackElo "2130"]
[PlyCount "81"]
[EventDate "2025.04.01"]
[EventType "swiss (blitz)"]
[EventRounds "11"]
[EventCountry "USA"]
[SourceTitle "CB15_2025"]
[SourceDate "2025.04.09"]
[SourceVersion "1"]
[SourceVersionDate "2025.04.09"]
[SourceQuality "1"]

1. e4 c5 2. d4 cxd4 3. Qxd4 Nc6 4. Qd3 e6 5. Nc3 Nf6 6. Bf4 a6 7. 0-0-0 b5 8. e5 b4 9. exf6 bxc3 10. Qxc3 Qxf6 11. Qxf6 gxf6 12. g3 d5 13. Bg2 Bd7 14. c3 Rc8 15. Nf3 a5 16. Rhe1 Be7 17. Kb1 a4 18. Nd4 Nxd4 19. cxd4 Bc6 20. Bf3 Kd7 21. Bh5 Bb4 22. Bxf7 Bxe1 23. Rxe1 Rhe8 24. Bxe8+ Rxe8 25. b3 axb3 26. axb3 Bb5 27. Kc2 Ra8 28. Kb2 Re8 29. Rc1 e5 30. Be3 Rc8 31. Ra1 Bd3 32. Rd1 Rc2+ 33. Ka3 Be4 34. Kb4 Ke6 35. h3 Rb2 36. Ra1 Rc2 37. Ra6+ Kf5 38. g4+ Kg6 39. g5 exd4 40. Rxf6+ Kh5 41. Rh6# 1-0

[Event "Titled Tuesday intern op 01st Apr Early"]
[Site "Chess.com INT"]
[Date "2025.04.01"]
[Round "8"]
[White "Parpiev, Isaak"]
[Black "Popov, Tikhon"]
[Result "1-0"]
[WhiteElo "2341"]
[BlackElo "2130"]
[PlyCount "109"]
[EventDate "2025.04.01"]
[EventType "swiss (blitz)"]
[EventRounds "11"]
[EventCountry "USA"]
[SourceTitle "CB15_2025"]
[SourceDate "2025.04.09"]
[SourceVersion "1"]
[SourceVersionDate "2025.04.09"]
[SourceQuality "1"]

1. d4 d5 2. Nf3 Nf6 3. Bf4 c5 4. e3 Nc6 5. Nbd2 cxd4 6. exd4 Bf5 7. Bb5 e6 8. Ne5 Qc8 9. c4 Bb4 10. Qa4 Bxd2+ 11. Bxd2 0-0 12. Bxc6 bxc6 13. c5 Nd7 14. Nxc6 Re8 15. 0-0 e5 16. b4 a6 17. Rfe1 Nxc5 18. bxc5 Bd7 19. Rxe5 Rxe5 20. dxe5 Bxc6 21. Qd4 Rb8 22. h3 Qf5 23. Re1 Qg6 24. Re3 Rb1+ 25. Kh2 Rd1 26. Rg3 Qb1 27. Rb3 Rh1+ 28. Kg3 Qg6+ 29. Qg4 Bb5 30. a4 Be8 31. Qxg6 fxg6 32. Rb8 Kf7 33. e6+ Ke7 34. Bg5+ Kxe6 35. Rxe8+ Kd7 36. Re7+ Kc6 37. Rxg7 Ra1 38. Rxh7 Rxa4 39. Rh6 Kxc5 40. Rxg6 a5 41. Be7+ Kb5 42. h4 Re4 43. Bf6 a4 44. h5 d4 45. h6 d3 46. h7 d2 47. h8Q d1Q 48. Qb8+ Kc4 49. Qc7+ Kb3 50. Qb6+ Rb4 51. Qe6+ Ka3 52. Be7 Qd3+ 53. f3 Qd4 54. Bxb4+ Kxb4 55. Qe4 1-0

[Event "Titled Tuesday intern op 01st Apr Early"]
[Site "Chess.com INT"]
[Date "2025.04.01"]
[Round "11"]
[White "Popov, Tikhon"]
[Black "Lopez Rayo, Santiago"]
[Result "1-0"]
[WhiteElo "2130"]
[BlackElo "2247"]
[PlyCount "51"]
[EventDate "2025.04.01"]
[EventType "swiss (blitz)"]
[EventRounds "11"]
[EventCountry "USA"]
[SourceTitle "CB15_2025"]
[SourceDate "2025.04.09"]
[SourceVersion "1"]
[SourceVersionDate "2025.04.09"]
[SourceQuality "1"]

1. d4 Nf6 2. Bf4 g6 3. Nc3 d5 4. Qd2 Bg7 5. 0-0-0 0-0 6. h4 h5 7. Bh6 a6 8. Bxg7 Kxg7 9. f3 b5 10. g4 hxg4 11. h5 Rh8 12. h6+ Kh7 13. fxg4 Bxg4 14. Nf3 Bxf3 15. exf3 Nbd7 16. Bd3 c5 17. dxc5 Nxc5 18. Ne2 e5 19. Ng3 Qd6 20. Qg5 Rac8 21. Bf5 Rc7 22. Rdg1 Rg8 23. Kb1 gxf5 24. Qg7+ Rxg7 25. hxg7+ Kg6 26. Nh5+ 1-0

[Event "Titled Tuesday intern op 01st Apr Early"]
[Site "Chess.com INT"]
[Date "2025.04.01"]
[Round "5"]
[White "Popov, Tikhon"]
[Black "Shimanov, Aleksandr"]
[Result "0-1"]
[WhiteElo "2130"]
[BlackElo "2593"]
[PlyCount "116"]
[EventDate "2025.04.01"]
[EventType "swiss (blitz)"]
[EventRounds "11"]
[EventCountry "USA"]
[SourceTitle "CB15_2025"]
[SourceDate "2025.04.09"]
[SourceVersion "1"]
[SourceVersionDate "2025.04.09"]
[SourceQuality "1"]

1. e4 e5 2. Nf3 Qe7 3. Nc3 c6 4. d4 d6 5. Bc4 Bg4 6. Be3 Nf6 7. h3 Bh5 8. d5 b5 9. Bb3 b4 10. Ne2 Bxf3 11. gxf3 Qc7 12. dxc6 Nxc6 13. Ng3 g6 14. h4 h5 15. Qd2 Be7 16. Rg1 a5 17. Ba4 Rc8 18. 0-0-0 Nd7 19. Kb1 Nb6 20. Bxb6 Qxb6 21. Qd5 Kf8 22. Bb3 Nd8 23. f4 exf4 24. Ne2 Qxf2 25. Nxf4 Rc5 26. Nxg6+ fxg6 27. Rdf1 Rxd5 28. Rxf2+ Kg7 29. Bxd5 Bxh4 30. Rfg2 Rh6 31. c3 bxc3 32. bxc3 Bf6 33. Kc2 h4 34. Rh1 Nf7 35. Bxf7 Kxf7 36. Rh3 g5 37. Kd3 Ke6 38. Rg4 Rh7 39. e5 Kxe5 40. Ra4 Ke6 41. Ke2 Rc7 42. Re3+ Be5 43. Rxa5 g4 44. Ra4 Kf5 45. Ra8 h3 46. Rf8+ Kg5 47. Rg8+ Kh4 48. Re4 Rg7 49. Rxg7 Bxg7 50. Kf1 Kg3 51. Re3+ Kf4 52. Re7 Bxc3 53. Rf7+ Kg3 54. a4 h2 55. Rh7 d5 56. Rh5 d4 57. Ke2 Kg2 58. Rh4 g3 0-1

[Event "Titled Tuesday intern op 01st Apr Early"]
[Site "Chess.com INT"]
[Date "2025.04.01"]
[Round "2"]
[White "Popov, Tikhon"]
[Black "Wijerathna, Vinuka Dihain"]
[Result "1-0"]
[WhiteElo "2130"]
[BlackElo "2117"]
[PlyCount "59"]
[EventDate "2025.04.01"]
[EventType "swiss (blitz)"]
[EventRounds "11"]
[EventCountry "USA"]
[SourceTitle "CB15_2025"]
[SourceDate "2025.04.09"]
[SourceVersion "1"]
[SourceVersionDate "2025.04.09"]
[SourceQuality "1"]

1. d4 Nf6 2. Bf4 d5 3. Nf3 e6 4. e3 Bd6 5. Ne5 0-0 6. Bd3 c5 7. c3 Qc7 8. Nd2 Nbd7 9. Ndf3 Ne4 10. Qc2 f5 11. Nxd7 Bxd7 12. Bxd6 Qxd6 13. Ne5 Rf6 14. f3 Ng5 15. Qf2 Nf7 16. f4 a6 17. g4 Nd8 18. gxf5 exf5 19. Rg1 Bb5 20. Bc2 Ne6 21. a4 Bd7 22. Qh4 Raf8 23. Kf2 Be8 24. Rg3 Kh8 25. Rh3 Rh6 26. Qg3 Rxh3 27. Qxh3 cxd4 28. exd4 Nxf4 29. Qg3 Ng6 30. Nf7+ 1-0

[Event "Titled Tuesday intern op 01st Apr Early"]
[Site "Chess.com INT"]
[Date "2025.04.01"]
[Round "4"]
[White "Popov, Tikhon"]
[Black "Yildiz, Egehan"]
[Result "1-0"]
[WhiteElo "2130"]
[BlackElo "2204"]
[PlyCount "61"]
[EventDate "2025.04.01"]
[EventType "swiss (blitz)"]
[EventRounds "11"]
[EventCountry "USA"]
[SourceTitle "CB15_2025"]
[SourceDate "2025.04.09"]
[SourceVersion "1"]
[SourceVersionDate "2025.04.09"]
[SourceQuality "1"]

1. d4 d5 2. Bf4 e6 3. e3 c5 4. Nf3 Qb6 5. Nc3 Bd7 6. Qd2 Nf6 7. Ne5 Nh5 8. Nxd7 Nxd7 9. Bb5 Nxf4 10. exf4 cxd4 11. Bxd7+ Kxd7 12. Ne2 Bb4 13. c3 dxc3 14. bxc3 Ba5 15. 0-0 Rhd8 16. f5 Kc7 17. Rab1 Qd6 18. Nd4 a6 19. Qb2 Bb6 20. fxe6 fxe6 21. Rfe1 Re8 22. Nf3 Rab8 23. c4 d4 24. Ne5 Rf8 25. Nd3 Rf5 26. c5 Bxc5 27. Qb3 b6 28. Rxe6 Qd5 29. Nxc5 Qxc5 30. Qg3+ Kb7 31. Rexb6+ 1-0

[Event "Titled Tuesday intern op 01st Apr Early"]
[Site "Chess.com INT"]
[Date "2025.04.01"]
[Round "1"]
[White "Porozhniak, Maya"]
[Black "Popov, Tikhon"]
[Result "0-1"]
[WhiteElo "1974"]
[BlackElo "2130"]
[PlyCount "74"]
[EventDate "2025.04.01"]
[EventType "swiss (blitz)"]
[EventRounds "11"]
[EventCountry "USA"]
[SourceTitle "CB15_2025"]
[SourceDate "2025.04.09"]
[SourceVersion "1"]
[SourceVersionDate "2025.04.09"]
[SourceQuality "1"]

1. e4 c5 2. Nf3 e6 3. d4 cxd4 4. c3 dxc3 5. Nxc3 Nc6 6. Bc4 a6 7. 0-0 Nge7 8. Qe2 Ng6 9. Rd1 Be7 10. a3 0-0 11. b4 d6 12. g3 b5 13. Bb3 Bb7 14. h4 Nge5 15. Ng5 h6 16. Nxe6 fxe6 17. Bxe6+ Kh8 18. f4 Nc4 19. Nd5 Bf6 20. Ra2 Nd4 21. Rxd4 Bxd4+ 22. Kh2 Bxd5 23. exd5 Qf6 24. f5 Be5 25. Qg4 Bc3 26. Re2 Ne5 27. Qh3 Nf3+ 28. Kg2 Ne1+ 29. Kf1 Nd3 30. Be3 Rac8 31. g4 Bd4 32. g5 Qe5 33. gxh6 Bxe3 34. hxg7+ Qxg7 35. Rxe3 Rc1+ 36. Ke2 Nf4+ 37. Kd2 Qb2# 0-1

[Event "Titled Tuesday intern op 01st Apr Early"]
[Site "Chess.com INT"]
[Date "2025.04.01"]
[Round "10"]
[White "Yoo, Christopher Woojin"]
[Black "Popov, Tikhon"]
[Result "1-0"]
[WhiteElo "2588"]
[BlackElo "2130"]
[PlyCount "89"]
[EventDate "2025.04.01"]
[EventType "swiss (blitz)"]
[EventRounds "11"]
[EventCountry "USA"]
[SourceTitle "CB15_2025"]
[SourceDate "2025.04.09"]
[SourceVersion "1"]
[SourceVersionDate "2025.04.09"]
[SourceQuality "1"]

1. c4 b6 2. e4 Bb7 3. Nc3 e5 4. Nf3 Nc6 5. Be2 Bc5 6. 0-0 d6 7. d3 Nge7 8. Be3 Nd4 9. Bxd4 Bxd4 10. Nxd4 exd4 11. Nd5 Bxd5 12. cxd5 0-0 13. Qa4 c5 14. dxc6 d5 15. Rac1 dxe4 16. dxe4 d3 17. Rfd1 dxe2 18. Rxd8 Raxd8 19. Qc2 Nxc6 20. Qxe2 Nd4 21. Qa6 Ne6 22. Qxa7 h5 23. b3 Nf4 24. Kf1 Rd2 25. Qxb6 Rfd8 26. Re1 R8d6 27. Qe3 Ne6 28. a4 R6d3 29. Qb6 Rb2 30. b4 Rdd2 31. Qe3 Rdc2 32. b5 Rc4 33. Ra1 Nd4 34. a5 Rcb4 35. Qd3 Nc2 36. Rc1 Nd4 37. b6 Ra2 38. b7 Ne6 39. Rc8+ Kh7 40. e5+ g6 41. b8Q Ra1+ 42. Ke2 Nf4+ 43. Kf3 Nxd3 44. Rh8+ Kg7 45. Qg8# 1-0

[Event "Titled Tuesday intern op 25th Mar Early"]
[Site "Chess.com INT"]
[Date "2025.03.25"]
[Round "7"]
[White "Popov, Tikhon"]
[Black "Honari, Keihan"]
[Result "0-1"]
[WhiteElo "2130"]
[BlackElo "2303"]
[PlyCount "62"]
[EventDate "2025.03.25"]
[EventType "swiss (blitz)"]
[EventRounds "11"]
[EventCountry "USA"]
[SourceTitle "CB14_2025"]
[SourceDate "2024.11.01"]
[SourceVersion "1"]
[SourceVersionDate "2024.11.01"]
[SourceQuality "1"]

1. e4 c5 2. Na3 Nc6 3. Bb5 d5 4. Bxc6+ bxc6 5. d3 Nf6 6. Qe2 Bg4 7. Nf3 e6 8. h3 Bh5 9. 0-0 Be7 10. c4 0-0 11. Bg5 h6 12. Bxf6 Bxf6 13. Rab1 Qa5 14. Qd2 Qxd2 15. Nxd2 Be2 16. Nb3 Bxd3 17. Nxc5 Bxf1 18. Kxf1 Be7 19. Nd7 Rfd8 20. Ne5 Bxa3 21. bxa3 dxe4 22. Nxc6 Rd2 23. Rc1 Kf8 24. c5 Rxa2 25. Rc3 Rc8 26. Nxa7 Rb8 27. g4 Rb1+ 28. Kg2 Rbb2 29. c6 Rxf2+ 30. Kg3 Rfc2 31. Rb3 g5 0-1

[Event "Titled Tuesday intern op 04th Mar Early"]
[Site "Chess.com INT"]
[Date "2025.03.04"]
[Round "7"]
[White "Lagarde, Maxime"]
[Black "Popov, Tikhon"]
[Result "1/2-1/2"]
[WhiteElo "2615"]
[BlackElo "2130"]
[PlyCount "152"]
[EventDate "2025.03.04"]
[EventType "swiss (blitz)"]
[EventRounds "11"]
[EventCountry "USA"]
[SourceTitle "CB11_2025"]
[SourceDate "2025.03.12"]
[SourceVersion "1"]
[SourceVersionDate "2025.03.12"]
[SourceQuality "1"]

1. d4 Nf6 2. Bf4 d5 3. Nc3 c5 4. e3 cxd4 5. exd4 a6 6. Bd3 Nc6 7. Nce2 Bg4 8. c3 e6 9. f3 Bh5 10. Nh3 Bg6 11. 0-0 Bd6 12. Bxd6 Qxd6 13. Nhf4 0-0 14. Qd2 b5 15. Nxg6 hxg6 16. a3 Rab8 17. b4 a5 18. Nc1 axb4 19. axb4 e5 20. dxe5 Nxe5 21. Nb3 Rfc8 22. Nd4 Nxd3 23. Qxd3 Rc4 24. Ra5 Rbc8 25. Nxb5 Qb6+ 26. Kh1 d4 27. Nxd4 Rxc3 28. Qd2 Qxb4 29. Raa1 Rd8 30. Nc6 Rxd2 31. Nxb4 Rb3 32. Ra2 Rxa2 33. Nxa2 Nd5 34. Nc1 Rb1 35. Rg1 Ne3 36. Ne2 Rxg1+ 37. Kxg1 Nd5 38. Kf2 f6 39. Kg3 g5 40. Kg4 Kf7 41. Kg3 Kg6 42. Nd4 Ne3 43. Kf2 Nd5 44. Ne6 Kf7 45. Nc5 Kg6 46. g3 Kf7 47. Ke2 Ne7 48. Kd3 Nf5 49. Ke4 Nd6+ 50. Kd5 Nf5 51. Ke4 Nd6+ 52. Kd3 Nf5 53. Ne4 Ne7 54. Kd4 Nf5+ 55. Kd3 Ne7 56. Nf2 Nf5 57. Nd1 Ne7 58. Ne3 Ke6 59. Ke4 Kf7 60. Nd5 Nc6 61. Ne3 Ne7 62. Nc4 Nc6 63. Nd6+ Ke6 64. Nf5 Kf7 65. Kd5 Ne5 66. Nd6+ Kg6 67. Ke4 Nd7 68. f4 gxf4 69. gxf4 f5+ 70. Kf3 Kf6 71. Kg3 Nc5 72. Ne8+ Kf7 73. Nd6+ Ke6 74. Nb5 Ne4+ 75. Kh4 Kf6 76. Nd4 g5+ 1/2-1/2

[Event "Titled Tuesday intern op 04th Mar Early"]
[Site "Chess.com INT"]
[Date "2025.03.04"]
[Round "8"]
[White "Popov, Tikhon"]
[Black "Tin, Jingyao"]
[Result "0-1"]
[WhiteElo "2130"]
[BlackElo "2597"]
[PlyCount "78"]
[EventDate "2025.03.04"]
[EventType "swiss (blitz)"]
[EventRounds "11"]
[EventCountry "USA"]
[SourceTitle "CB11_2025"]
[SourceDate "2025.03.12"]
[SourceVersion "1"]
[SourceVersionDate "2025.03.12"]
[SourceQuality "1"]

1. e4 e5 2. Nf3 Nc6 3. Nc3 Nf6 4. d4 exd4 5. Nxd4 Bb4 6. Nxc6 bxc6 7. Bd3 0-0 8. 0-0 d5 9. Bd2 Re8 10. Re1 Rb8 11. exd5 Rxe1+ 12. Qxe1 cxd5 13. a3 Bf8 14. b4 c5 15. bxc5 Bxc5 16. Qe5 Bxf2+ 17. Kf1 Be6 18. Bg5 Bc5 19. Bxf6 Qxf6+ 20. Qxf6 gxf6 21. Nb5 h6 22. Re1 Rb7 23. a4 Kg7 24. Rd1 f5 25. Be2 Kf6 26. Bf3 Rd7 27. c3 Bb6 28. Ke2 a6 29. Nd4 Rc7 30. Kd3 Rc4 31. Nxe6 fxe6 32. Rc1 Rxa4 33. Rb1 Ba5 34. Rb3 Rc4 35. Ra3 Rc5 36. Kd4 Rc4+ 37. Kd3 Rc5 38. Kd4 Rb5 39. Be2 Rb2 0-1

[Event "Titled Tuesday intern op 04th Mar Early"]
[Site "Chess.com INT"]
[Date "2025.03.04"]
[Round "11"]
[White "Popov, Tikhon"]
[Black "Vakhlamov, Igor L"]
[Result "0-1"]
[WhiteElo "2130"]
[BlackElo "2413"]
[PlyCount "64"]
[EventDate "2025.03.04"]
[EventType "swiss (blitz)"]
[EventRounds "11"]
[EventCountry "USA"]
[SourceTitle "CB11_2025"]
[SourceDate "2025.03.12"]
[SourceVersion "1"]
[SourceVersionDate "2025.03.12"]
[SourceQuality "1"]

1. e4 c5 2. Nf3 Nc6 3. Bb5 Nf6 4. Bxc6 dxc6 5. d3 Qc7 6. h3 e5 7. Be3 Be6 8. a4 c4 9. d4 exd4 10. Nxd4 0-0-0 11. Qf3 Qe5 12. Nxe6 fxe6 13. Nc3 Bb4 14. 0-0 Bxc3 15. bxc3 Qxe4 16. Qg3 Nh5 17. Qh2 a6 18. Rfe1 Qd5 19. Bb6 Rd7 20. Re5 Qd1+ 21. Re1 Qd5 22. Re5 Qd1+ 23. Re1 Qxc2 24. Qe5 Qf5 25. Qe3 Nf4 26. Qg3 Rf8 27. Be3 Nd3 28. Reb1 Rf6 29. Qh2 e5 30. a5 Rg6 31. Rb6 Rf7 32. Rab1 Nxf2 0-1

[Event "Titled Tuesday intern op 04th Feb Early"]
[Site "Chess.com INT"]
[Date "2025.02.04"]
[Round "4"]
[White "Popov, Tikhon"]
[Black "Madej, Marek"]
[Result "1-0"]
[WhiteElo "2222"]
[BlackElo "2314"]
[PlyCount "79"]
[EventDate "2025.02.04"]
[EventType "swiss (blitz)"]
[EventRounds "11"]
[EventCountry "USA"]
[SourceTitle "CB07_2025"]
[SourceDate "2025.02.12"]
[SourceVersion "1"]
[SourceVersionDate "2025.02.12"]
[SourceQuality "1"]

1. d4 b6 2. c4 Bb7 3. Nc3 Nf6 4. Bg5 h6 5. Bxf6 exf6 6. e3 d6 7. Nf3 Be7 8. g3 0-0 9. Bg2 f5 10. 0-0 Nd7 11. b4 Nf6 12. a4 a5 13. b5 Ne4 14. Nd5 Re8 15. Nd2 Bf8 16. Qc2 Nxd2 17. Qxd2 Ra7 18. Rae1 Qd7 19. Qc2 Bxd5 20. Bxd5 g6 21. Kg2 Bg7 22. Re2 Raa8 23. Rfe1 Rac8 24. Bc6 Qe6 25. Bxe8 Rxe8 26. e4 f4 27. e5 dxe5 28. dxe5 Rd8 29. Qe4 fxg3 30. hxg3 h5 31. Qf3 Rd4 32. Re4 Rd2 33. Rd1 Ra2 34. Rd8+ Kh7 35. Rf4 Qxe5 36. Rxf7 Ra1 37. Rdd7 Qe1 38. Rxg7+ Kh6 39. Qf4+ g5 40. Qxg5# 1-0

[Event "Titled Tuesday intern op 21st Jan Late"]
[Site "Chess.com INT"]
[Date "2025.01.21"]
[Round "3"]
[White "Alboredo, Julia"]
[Black "Popov, Tikhon"]
[Result "0-1"]
[WhiteElo "2152"]
[BlackElo "2222"]
[PlyCount "78"]
[EventDate "2025.01.21"]
[EventType "swiss (blitz)"]
[EventRounds "11"]
[EventCountry "USA"]
[SourceTitle "CB05_2025"]
[SourceDate "2025.01.29"]
[SourceVersion "1"]
[SourceVersionDate "2025.01.29"]
[SourceQuality "1"]

1. d4 Nf6 2. c4 c5 3. d5 b5 4. Nc3 b4 5. Nb1 d6 6. g3 g6 7. Bg2 Bg7 8. e4 0-0 9. Ne2 e5 10. 0-0 a5 11. a3 Na6 12. axb4 cxb4 13. h3 Nc5 14. Be3 Nfxe4 15. Nd2 Nxd2 16. Bxd2 Bf5 17. Be3 Qc7 18. g4 Bd3 19. Re1 Bxc4 20. Rc1 Bxe2 21. Qxe2 Rac8 22. Qb5 f5 23. gxf5 gxf5 24. Red1 Rfd8 25. Qc6 Qe7 26. Qb5 f4 27. Bxc5 dxc5 28. Qxa5 Qg5 29. Kh1 Qf5 30. Rxc5 f3 31. Bf1 e4 32. Rdc1 Ra8 33. Qxb4 Qf4 34. d6 Be5 35. Rxe5 Qxe5 36. Qc4+ Kh8 37. Qf7 Rg8 38. d7 Qg5 39. Rc8 Qg1# 0-1

[Event "Titled Tuesday intern op 21st Jan Late"]
[Site "Chess.com INT"]
[Date "2025.01.21"]
[Round "2"]
[White "Popov, Tikhon"]
[Black "Karas, Eugenia"]
[Result "0-1"]
[WhiteElo "2222"]
[BlackElo "2124"]
[PlyCount "108"]
[EventDate "2025.01.21"]
[EventType "swiss (blitz)"]
[EventRounds "11"]
[EventCountry "USA"]
[SourceTitle "CB05_2025"]
[SourceDate "2025.01.29"]
[SourceVersion "1"]
[SourceVersionDate "2025.01.29"]
[SourceQuality "1"]

1. e4 c5 2. Nf3 d6 3. d4 cxd4 4. Nxd4 Nf6 5. Nc3 a6 6. Rg1 e5 7. Nb3 Be6 8. g4 d5 9. exd5 Nxd5 10. Nxd5 Qxd5 11. Qxd5 Bxd5 12. Be3 Nc6 13. 0-0-0 0-0-0 14. Bb6 Rd7 15. Nc5 Bxc5 16. Bxc5 Kc7 17. Rg3 Rhd8 18. Rgd3 Be4 19. Bb6+ Kc8 20. Bxd8 Bxd3 21. Bxd3 Kxd8 22. h4 Nb4 23. Bc4 f6 24. c3 Nc6 25. Rg1 h6 26. g5 hxg5 27. hxg5 Ke7 28. g6 f5 29. Rh1 Kf6 30. Rg1 e4 31. Be2 Ne5 32. c4 Nxg6 33. b4 Nf4 34. Bf1 g5 35. c5 Nd5 36. a3 e3 37. fxe3 Nxe3 38. Be2 f4 39. Bf3 Rg7 40. Kd2 g4 41. Be4 Nc4+ 42. Kd3 Nxa3 43. Rh1 g3 44. Rh6+ Ke5 45. Rh5+ Kf6 46. Rh6+ Kg5 47. Rb6 Nb5 48. Rxb7 Rxb7 49. Bxb7 Kg4 50. Ke2 Nd4+ 51. Kf1 f3 52. c6 g2+ 53. Kf2 Ne2 54. Bc8+ Kf4 0-1

[Event "Titled Tuesday intern op 07th Jan Early"]
[Site "Chess.com INT"]
[Date "2025.01.07"]
[Round "5"]
[White "Popov, Tikhon"]
[Black "Makaraci, Tunahan"]
[Result "1-0"]
[WhiteElo "2222"]
[BlackElo "2233"]
[PlyCount "73"]
[EventDate "2025.01.07"]
[EventType "swiss (blitz)"]
[EventRounds "11"]
[EventCountry "USA"]
[SourceTitle "CB03_2025"]
[SourceDate "2025.01.15"]
[SourceVersion "1"]
[SourceVersionDate "2025.01.15"]
[SourceQuality "1"]

1. e4 Nf6 2. e5 Nd5 3. d4 d6 4. Bc4 Nb6 5. Bb3 dxe5 6. Qh5 e6 7. dxe5 a5 8. a4 Na6 9. Nf3 Nc5 10. Ba2 Be7 11. Qg4 g6 12. Bh6 Nbxa4 13. 0-0 Qd7 14. Nc3 Nxc3 15. bxc3 Qc6 16. Rfe1 Bd7 17. Nd4 Qa6 18. Qf4 Bf8 19. Bg5 Bg7 20. Bf6 0-0 21. h4 Bc6 22. h5 Nd7 23. Bxg7 Kxg7 24. Rad1 h6 25. Bxe6 Rae8 26. Ba2 g5 27. Qg3 Nc5 28. f4 Ne4 29. Qe3 f5 30. Ne6+ Rxe6 31. Bxe6 Be8 32. Bd5 Bxh5 33. Rd4 Nc5 34. e6 Re8 35. Qe5+ Kh7 36. Qxf5+ Bg6 37. Qe5 1-0

[Event "Titled Tuesday intern op 07th Jan Early"]
[Site "Chess.com INT"]
[Date "2025.01.07"]
[Round "9"]
[White "Popov, Tikhon"]
[Black "Muniz, Francisco Allysson"]
[Result "1-0"]
[WhiteElo "2222"]
[BlackElo "2165"]
[PlyCount "65"]
[EventDate "2025.01.07"]
[EventType "swiss (blitz)"]
[EventRounds "11"]
[EventCountry "USA"]
[SourceTitle "CB03_2025"]
[SourceDate "2025.01.15"]
[SourceVersion "1"]
[SourceVersionDate "2025.01.15"]
[SourceQuality "1"]

1. e4 c5 2. Nf3 d6 3. d4 cxd4 4. Nxd4 Nf6 5. Nc3 g6 6. Be3 Bg7 7. f3 Bd7 8. Qd2 Nc6 9. 0-0-0 Rc8 10. Nxc6 Bxc6 11. Bh6 Bxh6 12. Qxh6 Qa5 13. Bc4 Bd7 14. Bb3 Qh5 15. Qg7 Rf8 16. e5 Qxe5 17. Rhe1 Qf4+ 18. Kb1 Be6 19. Ba4+ Nd7 20. Rd4 Qf6 21. Qxf6 exf6 22. Rxd6 Rd8 23. Nd5 a6 24. Rdxe6+ fxe6 25. Rxe6+ Kf7 26. Re7+ Kg8 27. Bxd7 Kh8 28. c4 b5 29. b3 bxc4 30. bxc4 Rb8+ 31. Kc2 Rb7 32. c5 Rfb8 33. Nxf6 1-0